| 000 | 00631nam a2200217Ia 4500 | ||
|---|---|---|---|
| 003 | LK-CoDNM | ||
| 005 | 20240305124518.0 | ||
| 008 | 010623t1930 xxu||||| |||| 00| 1 sin d | ||
| 040 |
_aLK-CoDNM _dLK-CoDNM _eLK-CoDNM |
||
| 041 | _asin | ||
| 080 | _a104 Z6 | ||
| 100 | _aPerera,M.G | ||
| 245 | _aමහා පරාකර්මබාහු රාජ්ය චරිතය | ||
| 246 | _aThe Life of Parakkramabahu the great | ||
| 260 |
_bKomarshiyal press _aColombo _c1930 |
||
| 300 |
_bDamaged _a94p.,22 cm |
||
| 650 | _aBiography | ||
| 650 | _aPedigree of king | ||
| 650 | _aPedigree of king Parakramabahu | ||
| 942 | _cBK | ||
| 999 |
_c95463 _d95463 |
||